| 000 | 00750cab a22002055a 4500 | ||
|---|---|---|---|
| 001 | L159282 | ||
| 008 | 160425e20160416xxk 000 0 eng d | ||
| 035 | _a(Sirsi) u159282 | ||
| 041 | 0 | _aeng | |
| 100 | 1 | _aBritton, Jonny | |
| 245 | 0 | 0 | _aCatching the data |
| 260 | _c2016 | ||
| 490 |
_aEstates Gazette _v(1615) 16 April 2016, 52-53(2) |
||
| 520 | _aAs part of the new technology series from Estates Gazette, discusses how Land Insight was formed. This organisation helps find off-market land with the potential for development. Emphasises the importance of data in property development especially data analytics. | ||
| 590 | _aKA | ||
| 651 | 4 | _aUnited Kingdom | |
| 651 | 4 | _aInternational | |
| 690 |
_aProperty management _96262 |
||
| 942 | _n0 | ||
| 999 |
_c84861 _d84861 |
||